Biblioteca y Centro de Documentación

Memoria de actividades 1998 (Registro nro. 8614)

Detalles MARC
000 -CABECERA
Longitud fija campo de control 01167nam a2200325 c 4500
001 - NÚMERO DE CONTROL
Número de control 8614
003 - IDENTIFICADOR DE NÚMERO DE CONTROL
Identificador del número de control ES-MaCES
005 - FECHA Y HORA DE LA ÚLTIMA TRANSACCIÓN
Fecha y hora de la última transacción 20141221121947.0
008 - CAMPO FIJO DE DESCRIPCIÓN FIJA--INFORMACIÓN GENERAL
Códigos de información de longitud fija   990330s1999 sp o o000 | spa d
017 ## - NÚMERO DE REGISTRO DE DERECHOS DE AUTOR Y DEPÓSITO LEGAL
Número de copyright o de depósito legal VA-147-1999
Agencia que asigna el número DL
020 ## - ISBN (INTERNATIONAL STANDARD BOOK NUMBER)
Número Internacional Normalizado para Libros (ISBN) 8492296895
035 ## - NÚMERO DE CONTROL DEL SISTEMA
Número de control del sistema CES19990004846m
040 ## - FUENTE DE CATALOGACIÓN
Centro catalogador de origen ES-MaCES
Lengua de catalogación spa
Centro transcriptor ES-MaCES
110 2# - ENCABEZAMIENTO PRINCIPAL--NOMBRE CORPORATIVO
Nombre de entidad corporativa o nombre de jurisdicción como elemento inicial Consejo Económico y Social (Castilla y León)
9 (RLIN) 2405
245 10 - MENCIÓN DE TÍTULO
Título Memoria de actividades 1998
Mención de responsabilidad, etc. [Consejo Económico y Social, Comunidad de Castilla y León]
260 ## - PUBLICACIÓN, DISTRIBUCIÓN, ETC (PIE DE IMPRENTA)
Lugar de publicación, distribución, etc. [Valladolid]
Nombre del editor, distribuidor, etc. CES
Fecha de publicación, distribución, etc. D.L. 1999
300 ## - DESCRIPCIÓN FÍSICA
Extensión 131 p.
Otras características físicas fot. bl. y n.
Dimensiones 24 cm
541 ## - NOTA DE LA FUENTE INMEDIANTE DE ADQUISICIÓN
Forma de adquisición Gratuito
610 24 - ASIENTO SECUNDARIO DE MATERIA--NOMBRE CORPORATIVO
Nombre de entidad corporativa o nombre de jurisdicción como elemento inicial Consejo Económico y Social (Castilla y León)
9 (RLIN) 2405
650 #4 - ASIENTO SECUNDARIO DE MATERIA--TÉRMINO DE MATERIA
Término de materia o nombre geográfico como elemento inicial memoria anual
9 (RLIN) 28977
650 #4 - ASIENTO SECUNDARIO DE MATERIA--TÉRMINO DE MATERIA
Término de materia o nombre geográfico como elemento inicial informe de actividades
9 (RLIN) 28984
650 #4 - ASIENTO SECUNDARIO DE MATERIA--TÉRMINO DE MATERIA
Término de materia o nombre geográfico como elemento inicial Castilla y León
9 (RLIN) 30782
650 #4 - ASIENTO SECUNDARIO DE MATERIA--TÉRMINO DE MATERIA
Término de materia o nombre geográfico como elemento inicial 1998
9 (RLIN) 31169
653 10 - TÉRMINO DE INDEXACIÓN--NO CONTROLADO
Término no controlado Administración-Instituciones públicas
787 0# - ENTRADA DE OTRAS ESPECIFICACIONES
Título Memoria de actividades 1999 / Consejo Económico y Social, Comunidad de Castilla y León
Número de control del registro relacionado (ES-MaCES)10327
787 0# - ENTRADA DE OTRAS ESPECIFICACIONES
Título Memoria de actividades 1997
Número de control del registro relacionado (ES-MaCES)6708
902 ## - CES. TIPO DE DOCUMENTO
Tipodoc (006$c Sirtex) LIB Libro
942 ## - ELEMENTOS KOHA
Fuente de clasificaión o esquema Clasificación propia del CES
Koha [por defecto] tipo de item Monografías
Parte de clasificación 6.3.
Existencias
Número de registro Signatura completa Tipo de item de Koha
029355 CES CYL-31 Monografías
© CES, Consejo Económico y Social de España 2021